000 00809nam a2200253Ia 4500
003 OSt
005 20220923213555.0
006 a|||||r|||| 00| 0
007 ta
008 220922b |||||||| |||| 00| 0 hin d
024 _a163,002
037 _cTextual
040 _aARTS
_cARTS
_bhin
041 _2hin
_ahin
082 _aO152,1N08,16, J5;L5
100 _aदिनकर, रामधारीसिंह
245 0 _aकुरूक्षेत्र
_b प्रबन्ध कविता
246 _aKurūkṣhetra: prabandha kavitā
250 _aसंस्क 16
260 _c1975
650 _aहिन्दी कहानी
942 _hO152,1N08,16, J5;L5
_cTEXL
_2CC
999 _c317482
_d317482